| 000 | 00474nam a22001697a 4500 | ||
|---|---|---|---|
| 005 | 20140310183627.0 | ||
| 008 | 131025b xxu||||| |||| 00| 0 eng d | ||
| 020 | _a9788185185286 | ||
| 020 | _a818518528X | ||
| 050 |
_aQA 5 _b.J24 2003 |
||
| 100 | _aJaggi, V.P. | ||
| 245 |
_aAcademic's dictionary of Mathematics / _cV.P. Jaggi. |
||
| 260 |
_aNew Delhi : _bAcademic (India) Publishers, _c2003. |
||
| 300 |
_a396 p. : _bill. ; _c22 cm. |
||
| 942 |
_2lcc _cBK |
||
| 999 |
_c25527 _d25527 |
||